| Tag |
First Indicator |
Second Indicator |
Subfields |
| LEADER |
00000cam a2200000 a 4500 |
| 001 |
in00002783984 |
| 005 |
20151202172116.0 |
| 008 |
120308s2012 nyu 000 1 eng |
| 010 |
|
|
|a 2012008306
|
| 019 |
|
|
|a 820149542
|
| 020 |
|
|
|a 9780446554992 (hbk.)
|
| 020 |
|
|
|a 0446554995 (hbk.)
|
| 020 |
|
|
|z 9781455513451 (lg. print : hbk.)
|
| 020 |
|
|
|z 1455513458 (lg. print : hbk.)
|
| 035 |
|
|
|a (OCoLC)ocn779740338
|
| 035 |
|
|
|a (OCoLC)779740338
|
| 035 |
|
|
|a (OCoLC)779740338
|z (OCoLC)820149542
|
| 037 |
|
|
|b Grand Central Pub, C/O Little Brown & Co Order Dept Three Center Plaza, Boston, MA, USA, 02108-2003
|n SAN 200-2205
|
| 040 |
|
|
|a DLC
|b eng
|c DLC
|d IG#
|d BDX
|d BTCTA
|d YDXCP
|d OCLCO
|d FN4
|d UPZ
|d IEP
|d IUK
|d IK2
|d VP@
|d BWX
|d RV8
|d TXA
|d UtOrBLW
|
| 049 |
|
|
|a TXAM
|
| 050 |
0 |
0 |
|a PS3566.R3982
|b T96 2012
|
| 082 |
0 |
0 |
|a 813/.54
|2 23
|
| 100 |
1 |
|
|a Preston, Douglas J.
|
| 245 |
1 |
0 |
|a Two graves /
|c Douglas Preston & Lincoln Child.
|
| 246 |
3 |
|
|a 2 graves
|
| 250 |
|
|
|a 1st ed.
|
| 264 |
|
1 |
|a New York :
|b Grand Central Pub.,
|c 2012.
|
| 300 |
|
|
|a 484 pages ;
|c 24 cm.
|
| 336 |
|
|
|a text
|b txt
|2 rdacontent
|
| 337 |
|
|
|a unmediated
|b n
|2 rdamedia
|
| 338 |
|
|
|a volume
|b nc
|2 rdacarrier
|
| 490 |
0 |
|
|a [Pendergast novels]
|
| 520 |
|
|
|a Special Agent Pendergast assists NYPD Lieutenant D'Agosta in the investigation of a number of killings that ultimately prove to be messages from his wife's kidnappers.
|
| 650 |
|
0 |
|a Pendergast, Aloysius (Fictitious character)
|v Fiction.
|
| 650 |
|
0 |
|a Government investigators
|v Fiction.
|
| 650 |
|
0 |
|a Kidnapping
|v Fiction.
|
| 650 |
|
0 |
|a Wives
|x Death
|v Fiction.
|
| 655 |
|
7 |
|a Suspense fiction.
|2 lcgft
|
| 700 |
1 |
|
|a Child, Lincoln.
|
| 994 |
|
|
|a C0
|b TXA
|
| 948 |
|
|
|a cataloged
|b h
|c 2012/12/20
|d c
|e blrosas
|f 12:45:55 pm
|
| 999 |
|
|
|a MARS
|
| 999 |
f |
f |
|s 361102b0-e9ee-33d3-b663-6d75e9b57e43
|i 6316af78-56d3-3e1e-b18d-63858d313dd2
|t 0
|
| 952 |
f |
f |
|p normal
|a Texas A&M University
|b College Station
|c Sterling C. Evans Library
|d Evans: Library Stacks
|t 0
|e PS3566.R3982 T96 2012
|h Library of Congress classification
|i unmediated -- volume
|m A14841655536
|
| 998 |
f |
f |
|a PS3566.R3982 T96 2012
|t 0
|l Evans: Library Stacks
|